Battle Cats Normal Cat Match - Statistics

General Stats
  • This quiz has been taken 235 times
  • The average score is 15 of 30
Answer Stats
Hint Answer % Correct
Managed to become a carnivorous whale.
Strong against Red enemies.
Whale Cat
73%
The Basic Cat. Cat
70%
Has pride in his overly beautiful legs.
Exceptional attack power and range.
Sexy Legs Cat
69%
Might knock back enemies. (Area Attack)
The Real Lord of Destruction?
Don't stretch your shirt like this.
Jamiera Cat
65%
Charm point: muscle definition.
Added charm point: beautiful hair.
Mohawk Cat
64%
Every day is Leg Day. Mastered the Art of Leg.
Exceptional attack power and range.
Strong against Aliens!
Macho Leg Cat
63%
Can take a beating thanks to elasticity.
Really Good™ Defense. (Area Attack)
Strong enough to move two small rocks.
Eraser Cat
61%
Don't ask how he made it into the Dragon Elite.
Excellent long distance attacks.
Powerful single shot long range attack.
King Dragon Cat
60%
Hero wannabe.
Strong against Red enemies.
Brave Cat
59%
Charm point: muscle definition.
Basic Cat.
Macho Cat
59%
Lord of Destruction (?) (Area Attack)
Extreme attack power and health.
Mythical Titan Cat
59%
Rigid defense. Now with corners (Area Attack)
Strong enough to move a small rock.
Wall Cat
58%
Dark Knight wannabe
Decent Battle Cat
Strong against Red enemies.
Dark Cat
56%
Thinks quick, acts quick, and uses his head.
Uses his mane to clean the house.
Lion Cat
56%
Tough. High health. (Area Attack)
Strong enough to move a pebble.
Tank Cat
56%
Perfected his form while on vacation.
Might perform Critical Attacks.
Strong against Red enemies.
Island Cat
54%
Managed to overcome gravity.
Good against multiple enemies (Area Attack)
UFO Cat
50%
Thinks quick, acts quick, and uses his head.
Runs like the wind!
Cow Cat
49%
It is said that it destroyed a city once with its beams of lights.
Might reduce Angel attack power (Area Attack)
The Flying Cat
49%
Combat maniac.
Strong against Red enemies.
Axe Cat
48%
Has the health of a pea.
Exceptional attack power (Area Attack)
Bird Cat
46%
Thinks quick, acts quick, and uses his head.
Headbangs only to Rock'n'Roll!
Giraffe Cat
45%
Blessed with extreme attack power and
ridiculous amounts of health (Area Attack)
Titan Cat
41%
The genetic embodiment of "Humanity Catified."
After years of biorecombination, it awakens.
Deals Massive damage to Relics. (Omnistrike)
True Superfeline
40%
Found its way here from a fantasy world.
Powerful single shot long range attack.
Dragon Cat
38%
Able to attack enemies from a distance.
Powerful single shot long range attack.
Lizard Cat
34%
Cat who charges into battle of its own free will.
Seeks freedom through sheer physical power.
Delivers massive damage to Relics. (Omnistrike)
Superfeline II
34%
Transcended mortality to turn the tides of destiny.
Swiftly closes in on its target to attack with its long tail.
Delivers massive damage to Relics. (Omnistrike)
Superfeline
33%
Exceptional melee capability.
Strong against Red enemies.
Fish Cat
24%
Able to do very a powerful long range attack.
Exceptional attack power and range.
Gross Cat
16%
No matching quizzes found
Score Distribution
Percent of People with Each Score
Percentile by Number Answered
Your Score History
You have not taken this quiz